000 00197nam a2200085Ia 4500
008 170617s9999 xx 000 0 und d
100 _aLound- Walter
245 4 _aThe Pharmaceutical Codex
260 _bC B S Pub
260 _c2009
999 _c15295
_d15295